000 00487nam a2200169Ia 4500
008 090711s9999 xx 000 0 und d
082 _b761
100 _aशेवते अरुण
245 _aसंवाद
260 _bमुळा एज्युकेशन सोसायटी
_c1998
300 _a495
600 _aशेवते अरुण
630 _aसंवाद
700 _aशेवते अरुण
730 _aसंवाद
942 _cBOOK
999 _c333495
_d333495